[Event "Gibraltar Masters"]
[Site "Caleta ENG"]
[Date "2011.01.26"]
[Round "2.39"]
[White "Le Roux,JP"]
[Black "Byron,A"]
[Result "1-0"]
[WhiteElo "2551"]
[BlackElo "2192"]

1.d4 d5 2.Nf3 Nf6 3.c4 e6 4.Nc3 Be7 5.Bf4 c6 6.e3 Nbd7 7.Rc1 O-O 8.Bd3 a6
9.c5 Nh5 10.O-O Nxf4 11.exf4 g6 12.Na4 Bf6 13.Re1 Bg7 14.h4 Qc7 15.g3 Nf6
16.b4 Bd7 17.Nb6 Rad8 18.a4 Be8 19.Rb1 Nd7 20.Nxd7 Bxd7 21.h5 Bf6 22.Kg2 Kg7
23.Rh1 Rg8 24.Qd2 Kf8 25.b5 axb5 26.axb5 Ra8 27.Ne5 Bxe5 28.fxe5 Ra4 29.hxg6 hxg6
30.Qe3 Ke8 31.Rh7 Bc8 32.Rbh1 Qe7 33.R1h6 Ra3 34.Qd2 Qf8 35.Rh4 Rg7 36.R7h6 Bd7
37.bxc6 Bxc6 38.Rf4 Qg8 39.Rfh4 Qf8 40.Bc2 Kd7 41.Rh8 Rg8 42.R8h7 Kc8 43.Qb4 Ra8
44.Bd3 Kd7 45.Qb6 Rc8 46.Qb1 Qe7 47.R4h6 g5 48.Rf6 Rcf8 49.Bg6 Ke8 50.Bh5 Rh8
51.Rfxf7  1-0

[Event "Oceania Zonal"]
[Site "Rotorua NZL"]
[Date "2011.01.26"]
[Round "3.14"]
[White "Oliver,G"]
[Black "Kumar,M"]
[Result "1-0"]
[WhiteElo "2210"]
[BlackElo "2011"]

1.d4 d5 2.c4 e6 3.Nf3 Nf6 4.Nc3 Be7 5.Bf4 O-O 6.e3 b6 7.cxd5 exd5 8.Bd3 c5
9.O-O Bb7 10.Rc1 Nc6 11.Bb1 Rc8 12.Bf5 Ra8 13.Nb5 Ne8 14.Re1 a6 15.Nc3 Nf6
16.Na4 Ne4 17.Qb3 Nb4 18.dxc5 bxc5 19.Nxc5 Nxc5 20.Qxb4 a5 21.Qd4 Na6 22.Be5 f6
23.Qh4 g6 24.Be6+ Kg7 25.Bc3 Qd6 26.Bh3 Nc5 27.Red1 Ne4 28.Ng5 Nxg5 29.Qxg5 h6
30.Qg3 Rfd8 31.Bd4 Ba6 32.Rc7  1-0

[Event "TCh-CAT Div Hon"]
[Site "Barcelona ESP"]
[Date "2011.01.29"]
[Round "1"]
[White "Peralta,Fe"]
[Black "Rodriguez Vargas,O"]
[Result "1-0"]
[WhiteElo "2603"]
[BlackElo "2419"]

1.d4 d5 2.c4 e6 3.Nf3 Nf6 4.Nc3 Be7 5.Bf4 O-O 6.e3 c5 7.dxc5 Nc6 8.a3 Bxc5
9.Qc2 d4 10.O-O-O dxc3 11.Rxd8 cxb2+ 12.Kxb2 Rxd8 13.Bd3 Bd7 14.g4 Nxg4 15.Bxh7+ Kf8
16.Rg1 Nf6 17.Ng5 Be8 18.Ne4 Be7 19.Qc3 Nh5 20.c5 f5 21.Bh6 e5 22.Ng5 gxh6
23.Ne6+ Kf7 24.Qc4 Kf6 25.Nxd8 Rxd8 26.Bg8  1-0

[Event "Gibraltar Masters"]
[Site "Caleta ENG"]
[Date "2011.01.30"]
[Round "6.2"]
[White "Fridman,D"]
[Black "Adams,Mi"]
[Result "1/2-1/2"]
[WhiteElo "2655"]
[BlackElo "2723"]

1.d4 Nf6 2.Nf3 e6 3.c4 d5 4.Nc3 Be7 5.Bf4 O-O 6.e3 Nbd7 7.a3 c5 8.cxd5 Nxd5
9.Nxd5 exd5 10.dxc5 Nxc5 11.Be5 Bg4 12.Be2 Bf6 13.Bxf6 Qxf6 14.Qd4 Qxd4 15.Nxd4 Bxe2
16.Kxe2 Rfc8 17.Rac1 Ne6 18.Nb3 Kf8 19.Rhd1 Rxc1 20.Rxc1 Ke7 21.g4 a5 22.Rd1 a4
23.Nd4 Ra5 24.Nc2 Kd6 25.Nb4 g5 26.h4 h6 27.hxg5 hxg5 28.Kf3 Rb5 29.Kg3 Rc5
30.Rd2 d4 31.Nc2 Rd5 32.exd4 f5 33.Kf3 Kd7 34.gxf5 Rxf5+ 35.Ke4 Rf4+ 36.Kd5 g4
37.Nb4 Rf5+ 38.Ke4 Rf8 39.Nd3 Kd6 40.Ne5 Rf4+ 41.Ke3 Kd5 42.f3 gxf3 43.Nxf3 Re4+
44.Kf2 Rf4 45.Ke3  1/2-1/2

[Event "Gibraltar Masters"]
[Site "Caleta ENG"]
[Date "2011.01.31"]
[Round "7.2"]
[White "Short,N"]
[Black "Fridman,D"]
[Result "1/2-1/2"]
[WhiteElo "2658"]
[BlackElo "2655"]

1.d4 d5 2.Nf3 Nf6 3.c4 e6 4.Nc3 Be7 5.Bf4 O-O 6.e3 Nbd7 7.Be2 dxc4 8.Bxc4 a6
9.a4 c5 10.O-O cxd4 11.Qxd4 Nb6 12.Bb3 Qxd4 13.Nxd4 Bd7 14.Bc7 Nbd5 15.Nxd5 Nxd5
16.Bxd5 exd5 17.Rfd1 Bf6 18.Ba5 Rfc8 19.Bc3 Rc4 20.a5 Bxd4 21.Bxd4 Ra4 22.Rxa4 Bxa4
23.Rd2 f6 24.Bc3 Bc6 25.f3 Kf7 26.Kf2 Ke6 27.Rd4 Rc8 28.g4 Bb5 29.Kg3 Rc4
30.Rd2 Be8 31.h4 h5 32.Rd4  1/2-1/2

[Event "Gibraltar Masters"]
[Site "Caleta ENG"]
[Date "2011.02.01"]
[Round "8.30"]
[White "Akobian,V"]
[Black "Cummings,D"]
[Result "1-0"]
[WhiteElo "2618"]
[BlackElo "2366"]

1.d4 d5 2.c4 e6 3.Nc3 Be7 4.Nf3 Nf6 5.Bf4 O-O 6.e3 Nbd7 7.c5 c6 8.h3 b6 9.b4 a5
10.a3 Ne4 11.Nxe4 dxe4 12.Ne5 Nxe5 13.Bxe5 f6 14.Bg3 Ba6 15.Bxa6 Rxa6 16.O-O Qd5
17.Qe2 b5 18.a4 Qd7 19.axb5 cxb5 20.Rxa5 Rxa5 21.bxa5 Ra8 22.Ra1 Bd8 23.f3 Qc6
24.fxe4 Rxa5 25.Rxa5 Bxa5 26.Bd6 Bc3 27.Qd3 b4 28.d5 Qa4 29.c6 Qa1+ 30.Qf1 Qa8
31.c7 b3 32.Qc4 Qa1+ 33.Kh2 Be5+ 34.Bxe5 Qxe5+ 35.Kg1 Qa1+ 36.Kf2  1-0

[Event "Gibraltar Masters"]
[Site "Caleta ENG"]
[Date "2011.02.01"]
[Round "8.50"]
[White "Thomassen,J"]
[Black "Aerni,A"]
[Result "1-0"]
[WhiteElo "2404"]
[BlackElo "2182"]

1.d4 d5 2.c4 e6 3.Nc3 Be7 4.Nf3 Nf6 5.Bf4 O-O 6.e3 Nbd7 7.c5 c6 8.h3 b6 9.b4 a5
10.a3 Ba6 11.Bxa6 Rxa6 12.O-O b5 13.Qb1 axb4 14.axb4 Qa8 15.Qb2 Ne4 16.Nxe4 dxe4
17.Nd2 f5 18.Rxa6 Qxa6 19.Ra1 Qb7 20.Qa2 Kf7 21.f3 g5 22.Bh2 Bf6 23.fxe4  1-0

[Event "Moscow Open F Women"]
[Site "Moscow RUS"]
[Date "2011.02.04"]
[Round "7.28"]
[White "Khropova,L"]
[Black "Kisteneva,L"]
[Result "1-0"]
[WhiteElo "2087"]
[BlackElo "1911"]

1.d4 d5 2.Nf3 Nf6 3.c4 e6 4.Nc3 Be7 5.Bf4 O-O 6.e3 c5 7.cxd5 Nxd5 8.Nxd5 exd5
9.Qd2 Nc6 10.a3 Bg4 11.Be2 cxd4 12.exd4 Bf6 13.Be3 Qb6 14.Rd1 Rfe8 15.O-O Re4
16.h3 Bh5 17.g4 Bg6 18.Bd3 Re6 19.Bxg6 hxg6 20.g5 Be7 21.Ne5 Nxe5 22.dxe5 d4
23.Bxd4 Bc5 24.Rfe1 Rae8 25.f4 Rd8 26.Bxc5 Qxc5+ 27.Qf2 Rxd1 28.Qxc5 Rxe1+
29.Kf2 Rb1 30.Qc2 Rh1 31.Kg2 Re1 32.Kf2 Rh1 33.Qc8+ Kh7 34.Qxb7 Rxh3 35.Kg2 Rd3
36.Qxf7 Rb6 37.b4 Rxa3 38.f5 gxf5 39.e6 Re3 40.Qxf5+ g6 41.Qf7+ Kh8 42.Qf8+ Kh7
43.Qh6+ Kg8 44.Qxg6+ Kh8 45.Qe8+ Kh7 46.Qf7+ Kh8 47.g6 Re2+ 48.Kf3 Rb7 49.Qf8+  1-0

[Event "Schachbundesliga 2010-11"]
[Site "Mulheim GER"]
[Date "2011.02.05"]
[Round "8"]
[White "Kempinski,R"]
[Black "Fridman,D"]
[Result "1/2-1/2"]
[WhiteElo "2615"]
[BlackElo "2645"]

1.d4 d5 2.c4 e6 3.Nf3 Nf6 4.Nc3 Be7 5.Bf4 O-O 6.e3 Nbd7 7.Be2 dxc4 8.Bxc4 a6
9.a4 c5 10.O-O cxd4 11.Qxd4 Nb6 12.Bb3 Qxd4 13.Nxd4 Bd7 14.a5 Nbd5 15.Nf5 Bb4
16.Nxd5 Nxd5 17.Bxd5 exd5 18.Bd6 Bxf5 19.Bxb4 Rfc8 20.Rfd1 Be6  1/2-1/2

[Event "ch-TUR"]
[Site "Kemer-Antalya TUR"]
[Date "2011.02.06"]
[Round "3.7"]
[White "Topak,E"]
[Black "Bozkurt,I"]
[Result "1-0"]
[WhiteElo "2273"]
[BlackElo "2109"]

1.d4 d5 2.c4 e6 3.Nc3 Be7 4.Nf3 Nf6 5.Bf4 O-O 6.e3 c5 7.dxc5 Bxc5 8.a3 Nc6
9.Be2 a6 10.b4 Be7 11.cxd5 exd5 12.O-O Be6 13.Nd4 Rc8 14.Rc1 Qd7 15.Nxe6 fxe6
16.Na4 Rce8 17.Bf3 Bd6 18.Nc5 Bxc5 19.Rxc5 Rc8 20.Qb3 b6 21.Rc2 Ne7 22.Be5 Rxc2
23.Qxc2 Ng6 24.Bd4 Qd6 25.Rc1 Ne7 26.Qb2 Qd8 27.Be2 b5 28.Bd3 Ng4 29.f3 Nf6
30.Rc2 Qd7 31.Bc5 Rd8 32.Bd4 Rf8 33.Bc5 Rd8 34.Qe5 Nc6 35.Qg5 Rc8 36.Qf4 Rd8
37.Bd4 Nxd4 38.exd4 Qd6 39.Qxd6 Rxd6 40.Rc7 g6 41.Kf2 Nd7 42.Ke3 Kg7 43.a4 bxa4
44.b5 a5 45.Ra7 Kf6 46.Rxa5 Nb6 47.f4 h6 48.Ra6 g5 49.g3 Ke7 50.fxg5 hxg5
51.h4 gxh4 52.gxh4 a3 53.Rxa3 Nc4+ 54.Bxc4 dxc4 55.Ra7+ Kf6 56.Rc7 Rb6 57.Rc5  1-0

[Event "75th ch-BUL Semi-Final"]
[Site "Plovdiv BUL"]
[Date "2011.02.08"]
[Round "2"]
[White "Bratanov,Z"]
[Black "Angelov,B"]
[Result "1-0"]
[WhiteElo "2467"]
[BlackElo "2077"]

1.d4 d5 2.c4 e6 3.Nf3 Nf6 4.Nc3 Be7 5.Bf4 O-O 6.e3 c5 7.dxc5 Bxc5 8.cxd5 exd5
9.Be2 Nc6 10.O-O Be6 11.Rc1 Be7 12.Ne5 Nd7 13.Nf3 Nb6 14.Nd4 Bf6 15.Ncb5 Qd7
16.Nxc6 bxc6 17.Nd4 Rac8 18.Ba6 Ra8 19.Qc2 Nc4 20.b3 Ne5 21.Nxc6 Bf5 22.Qc5 Nxc6
23.Bb5 Rad8 24.Qxc6 Qxc6 25.Bxc6 Bb2 26.Rcd1 Be6 27.Rd2 Ba3 28.Rfd1 Bd6 29.Bxd6 Rxd6
30.Bxd5 Rfd8 31.e4 Kf8 32.Kf1 Ke7 33.Ke2 Ra6 34.Bxe6 Rxd2+ 35.Rxd2 Kxe6 36.Kd3 Ke5
37.Ke3 Ke6 38.f3 f6 39.Kd3 Ke5 40.Kc4 g5 41.Kb5 Rb6+ 42.Ka5 Rc6 43.b4 Kf4
44.a4 h5 45.Rd5 Ke3 46.h4 g4 47.b5 Rc2 48.Rxh5 g3 49.Rh7 Rxg2 50.Rxa7 Rh2
51.Rg7 Kxf3 52.b6 Rxh4 53.b7 Rh8 54.Kb6 g2 55.a5  1-0

[Event "1st Open"]
[Site "Cento ITA"]
[Date "2011.02.09"]
[Round "5"]
[White "Gromovs,S"]
[Black "Simonian,H"]
[Result "1-0"]
[WhiteElo "2284"]
[BlackElo "2475"]

1.d4 Nf6 2.c4 e6 3.Nc3 d5 4.Nf3 Be7 5.Bf4 O-O 6.e3 c5 7.dxc5 dxc4 8.Qc2 Qa5
9.Bxc4 Qxc5 10.Bd3 Nc6 11.a3 a5 12.O-O e5 13.Bg5 h6 14.Bxf6 Bxf6 15.Ne4 Qe7
16.Rac1 Bg4 17.Qa4 Rfd8 18.Bb5 Bd7 19.Nfd2 Be8 20.Nc4 Qe6 21.Nc5 Qe7 22.Nb6 Rab8
23.Qe4 g6 24.Nd5 Qd6 25.Rfd1 Bg7 26.Qc4 Kh8 27.Ne4 Qe6 28.Nc7 Qe7 29.Nxe8 Rxe8
30.Nd6 Rf8 31.h3 Kh7 32.Ne4 Rbc8 33.Nd6 Rb8 34.Ne4 Rfc8 35.Nd6 Rc7 36.a4 Rd8
37.Ne4 Rxd1+ 38.Rxd1 Nb4 39.Qb3 f5 40.Nd6 Rc2 41.Ne8 Rc6 42.Bxc6 bxc6 43.Nxg7 Kxg7
44.Qc3 Kf7 45.f4 e4 46.Rd4 c5 47.Rc4 Nd3 48.Qxa5 Qh4 49.Qd2 g5 50.fxg5 hxg5
51.Qe2 Qg3 52.Rc3 c4 53.Rxc4 g4 54.hxg4 Ne5 55.Rc7+ Kf8 56.Rc8+ Ke7 57.Qf2 Qxg4
58.Rc7+ Ke6 59.Qc2 Nf3+ 60.Kf1 Nh2+ 61.Ke1 Qg3+ 62.Kd1 Qxe3 63.Qc6+ Ke5 64.Re7+ Kf4
65.Qh6+  1-0

[Event "ch-SRB"]
[Site "Kragujevac SRB"]
[Date "2011.02.11"]
[Round "11"]
[White "Sedlak,N"]
[Black "Miladinovic,I"]
[Result "1/2-1/2"]
[WhiteElo "2556"]
[BlackElo "2556"]

1.d4 d5 2.c4 e6 3.Nc3 Nf6 4.Nf3 Be7 5.Bf4 c5 6.dxc5 O-O 7.e3 Bxc5 8.Qc2 Nc6
9.a3 Qa5 10.Nd2 Bb4 11.Rc1 Bxc3 12.Qxc3 Qxc3 13.Rxc3  1/2-1/2

[Event "ch-POL"]
[Site "Warsaw POL"]
[Date "2011.02.13"]
[Round "2"]
[White "Socko,B"]
[Black "Krysztofiak,M"]
[Result "1/2-1/2"]
[WhiteElo "2660"]
[BlackElo "2449"]

1.d4 d5 2.c4 e6 3.Nf3 Nf6 4.Nc3 Be7 5.Bf4 O-O 6.e3 c5 7.dxc5 Bxc5 8.a3 Nc6
9.cxd5 Nxd5 10.Nxd5 exd5 11.Bd3 Bb6 12.O-O d4 13.e4 Bg4 14.h3 Bh5 15.g4 Bg6
16.Nd2 f6 17.Nc4 Bc7 18.Bxc7 Qxc7 19.f4 Rfe8 20.Qf3 b5 21.Nd2 Qb6 22.h4 h6
23.h5 Bh7 24.Rae1 Kh8 25.Qg3 Na5 26.e5 Bxd3 27.Qxd3 fxe5 28.f5 Nc4 29.f6 Nxd2
30.Qxd2 d3+ 31.Kh2 Qd4 32.Rf3 e4 33.f7 Rf8 34.Rf4 e3 35.Rxd4 exd2 36.Rd1 Rxf7
37.Rxd2 Raf8 38.R4xd3 Rf2+ 39.Kg3 R8f3+ 40.Rxf3 Rxd2 41.b4 Rd4 42.Rc3 Kh7
43.Kf3 a6 44.Kg3 a5 45.bxa5 Ra4 46.Rb3 Rxa5 47.Kf4 g6 48.Rc3 Ra4+ 49.Kg3 gxh5
50.gxh5 Kg7 51.Rc7+ Kf6 52.Rc6+ Kg5 53.Rc5+ Kf6 54.Rc6+ Kg5 55.Rc5+ Kf6 56.Rc6+ Ke5  1/2-1/2

[Event "16th Lienz-Open 2011"]
[Site "Lienz AUT"]
[Date "2011.02.17"]
[Round "7"]
[White "Bergez,L"]
[Black "Meijers,V"]
[Result "0-1"]
[WhiteElo "2411"]
[BlackElo "2463"]

1.d4 d5 2.c4 e6 3.Nc3 Nf6 4.Nf3 Be7 5.Bf4 O-O 6.e3 b6 7.Be2 Bb7 8.h3 c5 9.O-O Nc6
10.Rc1 Rc8 11.cxd5 exd5 12.dxc5 bxc5 13.Qa4 Qb6 14.Bg5 Rfd8 15.Qb5 Qxb5 16.Bxb5 a6
17.Be2 h6 18.Bxf6 Bxf6 19.Na4 c4 20.b3 Nb4 21.bxc4 Nxa2 22.Ra1 Bxa1 23.Rxa1 Nb4
24.Nb6 dxc4 25.Nxc8 Rxc8 26.Kf1 Bxf3 27.Bxf3 c3 28.Be4 c2 29.Rc1 a5 30.Ke2 a4
31.Kd2 a3 32.Ra1 Rd8+ 33.Ke2 Rc8 34.Kd2 g6 35.Rc1 Rd8+  0-1

[Event "ch-POL Women"]
[Site "Warsaw POL"]
[Date "2011.02.18"]
[Round "7"]
[White "Socko,M"]
[Black "Worek,J"]
[Result "1-0"]
[WhiteElo "2489"]
[BlackElo "2274"]

1.d4 Nf6 2.c4 e6 3.Nf3 d5 4.Nc3 Be7 5.Bf4 O-O 6.e3 b6 7.Rc1 c5 8.cxd5 Nxd5
9.Nxd5 exd5 10.Be2 c4 11.O-O Nc6 12.Ne5 Bb7 13.e4 b5 14.Nxc6 Bxc6 15.e5 b4
16.Bd3 Bb5 17.Bb1 a5 18.Re1 Bg5 19.Qh5 h6 20.Be3 g6 21.Qd1 Bxe3 22.Rxe3 Ra6
23.f4 f5 24.Qf3 h5 25.e6 Re8 26.Rce1 Re7 27.Re5 Rd6 28.Qg3 Rg7 29.e7 Qe8
30.Bc2 Kh8 31.Bd1 Bc6 32.Qg5 Kh7 33.h3 a4 34.Bc2 b3 35.axb3 axb3 36.Bb1 Kg8
37.Qh4 Bd7 38.Qg3 Kf7 39.Qe3 Rg8 40.Kf2 h4 41.g3 hxg3+ 42.Kxg3 Qc8 43.e8=Q+ Qxe8
44.Re7+  1-0

[Event "61st ch-RUS w 1st League"]
[Site "Ivanovo RUS"]
[Date "2011.02.22"]
[Round "2"]
[White "Ivakhinova,I"]
[Black "Bukhteeva,V"]
[Result "1-0"]
[WhiteElo "2324"]
[BlackElo "2144"]

1.d4 d5 2.c4 e6 3.Nf3 Nf6 4.Nc3 Be7 5.Bf4 O-O 6.e3 c5 7.dxc5 Bxc5 8.Qc2 Nc6
9.Rd1 Qa5 10.Be2 Rd8 11.O-O d4 12.Nb5 Bb6 13.a3 dxe3 14.b4 exf2+ 15.Kh1 Nxb4
16.axb4 Qxb4 17.Bd6  1-0

[Event "Bunratty Masters"]
[Site "Bunratty IRL"]
[Date "2011.02.26"]
[Round "4"]
[White "Short,P"]
[Black "Fox,An"]
[Result "1-0"]
[WhiteElo "2293"]
[BlackElo "2115"]

1.d4 Nf6 2.c4 e6 3.Nc3 d5 4.Nf3 Be7 5.Bf4 O-O 6.e3 Nbd7 7.Qc2 c5 8.dxc5 Bxc5
9.Rd1 Qa5 10.Be2 Bb4 11.O-O Bxc3 12.bxc3 Ne4 13.Rc1 Ndf6 14.Ne5 Bd7 15.Nxd7 Nxd7
16.cxd5 exd5 17.f3 Nef6 18.Qb3 Nc5 19.Qb4 Qxb4 20.cxb4 Ne6 21.Be5 Rac8 22.Bxf6 gxf6
23.Rfd1 Rfd8 24.Kf2 Rxc1 25.Rxc1 d4 26.Rd1 dxe3+ 27.Kxe3 Rxd1 28.Bxd1 Kf8
29.Bc2 h6 30.Bb3 Ke7 31.Ke4 Ng7 32.Bd5 b6 33.Bc4 Ne8 34.Kd5 Nd6 35.Bb3 Kd7
36.g4 a6 37.h4 Ne8 38.Ba4+ b5 39.Bb3 Nd6 40.Kc5 Kc7 41.Bd5 Nc8 42.Bxf7 Nb6
43.Bb3 Nd7+ 44.Kd5 Ne5 45.g5 hxg5 46.hxg5 Kd7 47.gxf6 Nxf3 48.f7 Ke7 49.Kc5 Ne5
50.Kb6 Nd3 51.Kxa6 Nxb4+ 52.Kxb5 Nd3 53.a4 Ne5 54.a5  1-0

[Event "27th Open"]
[Site "Cappelle la Grande FRA"]
[Date "2011.02.26"]
[Round "1.45"]
[White "Nyzhnyk,I"]
[Black "Grabinsky,V"]
[Result "1-0"]
[WhiteElo "2530"]
[BlackElo "2303"]

1.d4 Nf6 2.c4 e6 3.Nf3 d5 4.Nc3 Be7 5.Bf4 O-O 6.e3 b6 7.Bd3 Bb7 8.O-O c5
9.Qe2 cxd4 10.Nxd4 Nc6 11.Nxc6 Bxc6 12.Rfd1 Bd6 13.cxd5 Nxd5 14.Bxd6 Qxd6
15.Be4 Qe5 16.Bxd5 Bxd5 17.Qb5 a6 18.Qxb6 Rfb8 19.Qc5 Rxb2 20.e4 Rc2 21.Rac1 Qxc3
22.Rxc2 Qxc5 23.Rxc5 Bxe4 24.Rd7 h6 25.f3 Bd5 26.Rcc7 Rf8 27.a4 g5 28.Ra7 Bc4
29.Rdc7 Bd3 30.Kf2 Kg7 31.g4 Kf6 32.Ke3 Rd8 33.Rxf7+ Ke5 34.Rfc7 Rd5 35.Rc3 Bf1
36.Rh7 Ra5 37.Rc1  1-0

[Event "61st ch-RUS w 1st League"]
[Site "Ivanovo RUS"]
[Date "2011.02.26"]
[Round "6"]
[White "Shaidullina,S"]
[Black "Bezgodova,M"]
[Result "1-0"]
[WhiteElo "2207"]
[BlackElo "2190"]

1.d4 d5 2.c4 e6 3.Nc3 Be7 4.Nf3 Nf6 5.Bf4 O-O 6.e3 c5 7.dxc5 Bxc5 8.a3 Nc6
9.Qc2 Qa5 10.O-O-O Be7 11.h4 e5 12.Bg5 dxc4 13.Bxc4 Bg4 14.Bxf6 Bxf6 15.Ng5 g6
16.Rd6 Be7 17.Rxg6+ Kh8 18.Rg8+  1-0

[Event "31st TCh-IND 2011"]
[Site "Kochi IND"]
[Date "2011.02.26"]
[Round "7"]
[White "Sriram,J"]
[Black "Jagadeesh,A"]
[Result "1-0"]
[WhiteElo "2465"]
[BlackElo "2093"]

1.d4 d5 2.Nf3 Nf6 3.c4 e6 4.Nc3 Be7 5.Bf4 c6 6.e3 O-O 7.Bd3 Nbd7 8.c5 b6
9.b4 a5 10.a3 axb4 11.axb4 Rxa1 12.Qxa1 Nh5 13.O-O Nxf4 14.exf4 Qc7 15.g3 Bb7
16.Qb2 Ra8 17.Ra1 Qc8 18.Ra2 Rxa2 19.Qxa2 Qa8 20.Qxa8+ Bxa8 21.Ne5 Nb8 22.Na4 b5
23.Nc3 f6 24.Nf3 Na6 25.Na2 g6 26.Kf1 Bd8 27.Ke2 Bc7 28.Ke3 Nb8 29.Bf1 Bb7
30.Nc1 Nd7 31.Nd3 Kg7 32.h4 h5 33.Bh3 Kf7 34.Nd2 Ke7 35.Nb3 Bc8 36.Nd2 Nf8
37.f3 Bd7 38.g4 f5 39.Ne5 Be8 40.Nb3 Kd8 41.Kd3 Kc8 42.Na5 Bxa5 43.bxa5 Kb7
44.Kc3 Ka6 45.Kb4 Nh7 46.g5 Nf8 47.Bf1 Kb7 48.Be2 Nh7 49.Nxc6 Bxc6 50.Bxb5 Nf8
51.a6+ Kc7 52.Bxc6 Kxc6 53.a7 Kb7 54.c6+ Kxa7 55.Kc5 Kb8 56.Kd6 Kc8 57.Ke7 Nh7
58.Kxe6 Kc7 59.Kf7 Kxc6 60.Kxg6  1-0

[Event "Schachbundesliga 2010-11"]
[Site "Solingen GER"]
[Date "2011.02.26"]
[Round "10"]
[White "Lauber,A"]
[Black "Goloshchapov,A"]
[Result "0-1"]
[WhiteElo "2497"]
[BlackElo "2576"]

1.d4 d5 2.c4 e6 3.Nc3 Be7 4.Nf3 Nf6 5.Bf4 O-O 6.e3 Nbd7 7.c5 Nh5 8.Bd3 b6
9.b4 c6 10.O-O Nxf4 11.exf4 bxc5 12.bxc5 Qa5 13.Qc2 g6 14.Rab1 Ba6 15.Rb3 Bxd3
16.Qxd3 Bxc5 17.dxc5 Nxc5 18.Qe3 Nxb3 19.axb3 Rfc8 20.Ne5 Qb4 21.Na4 c5 22.Nd7 Qd4
23.Ndxc5 Qxe3 24.fxe3 Kf8 25.Kf2 Ke7 26.Ke2 Rab8 27.Rc1 Rb5 28.Kd3 h5 29.g3 Rc7
30.e4 Rb4 31.e5 h4 32.Rc3 g5 33.fxg5 hxg3 34.hxg3 Rg4 35.Ke2 Rxg5 36.Re3 Rc8
37.Kf2 Rh8 38.Kg2 Rb8 39.Nb2 Rb4 40.Nbd3 Rbg4 41.Nf2 Rb4 42.Rc3 Rxe5 43.Ncd3 Re3
44.Nd1 Re2+ 45.Kf1 Rbe4 46.N1f2 R4e3 47.Nd1 Re4 48.N1f2 R2e3 49.Rc7+ Kd6
50.Rxa7 Rd4 51.Nf4 Rd2 52.Kg2 e5 53.Nh3 e4 54.Rxf7 Re1 55.g4 e3 56.g5 e2
57.g6 Rc1 58.g7 e1=Q 59.g8=Q Qh1+ 60.Kg3 Rc3+ 61.Kh4 Rd4+  0-1

[Event "27th Open"]
[Site "Cappelle la Grande FRA"]
[Date "2011.02.28"]
[Round "3"]
[White "Nikcevic,N"]
[Black "Kravtsiv,M"]
[Result "0-1"]
[WhiteElo "2430"]
[BlackElo "2566"]

1.d4 Nf6 2.Nf3 e6 3.c4 d5 4.Nc3 Be7 5.Bf4 O-O 6.e3 Nbd7 7.h3 c6 8.Qc2 h6
9.cxd5 Nxd5 10.Bg3 c5 11.Be2 cxd4 12.Nxd4 Nxc3 13.Qxc3 Nf6 14.Bf3 Nd5 15.Qb3 Qa5+
16.Ke2 b6 17.Bxd5 exd5 18.Rhc1 Ba6+ 19.Kf3 Rfc8 20.a3 Rc4 21.Rd1 Rac8 22.Be5 Re8
23.g4 Bc5 24.Nc6 Qb5 25.Qxb5 Bxb5 26.Nxa7 Ba6 27.Bd4 Bxd4 28.Rxd4 Ra8 29.Rxc4 dxc4  0-1

[Event "61st ch-RUS w 1st League"]
[Site "Ivanovo RUS"]
[Date "2011.02.28"]
[Round "8"]
[White "Ivakhinova,I"]
[Black "Bezgodova,M"]
[Result "1/2-1/2"]
[WhiteElo "2324"]
[BlackElo "2190"]

1.d4 d5 2.c4 e6 3.Nf3 Be7 4.Nc3 Nf6 5.Bf4 c5 6.cxd5 Nxd5 7.Nxd5 Qxd5 8.dxc5 Qxd1+
9.Kxd1 Bd7 10.e3 Bxc5 11.Rc1 b6 12.Ne5 Ke7 13.Nxd7 Nxd7 14.Bb5 Nf6 15.Ke2 Nd5
16.Bg3 Rac8 17.Rhd1 f5 18.Be5 Nf6 19.a3 a5 20.Rc4 Rcd8 21.Rxd8 Rxd8 22.Bc7 Ra8
23.b4 axb4 24.axb4 Nd5 25.bxc5 Nxc7 26.Bc6 Ra2+ 27.Kf3 bxc5 28.Rxc5 Kd6 29.Rc1 Ra6
30.Bb7 Rb6 31.Bc8 Nd5 32.g4 f4 33.Ra1 fxe3 34.fxe3 Ke5 35.Ra4 Kf6 36.Re4 g5
37.Ra4 Ne7 38.Bd7 Ng6 39.Kg3 Ne5 40.Bc8 Rb3 41.Kf2 Rb2+ 42.Kg3 Re2 43.Re4 Re1
44.Kg2 Rc1 45.Ba6 Rc2+ 46.Kg3 Ng6 47.Bd3 Rc3  1/2-1/2

[Event "27th Open"]
[Site "Cappelle la Grande FRA"]
[Date "2011.03.02"]
[Round "6.8"]
[White "Cornette,M"]
[Black "Ipatov,A ESP"]
[Result "0-1"]
[WhiteElo "2544"]
[BlackElo "2512"]

1.d4 d5 2.Nf3 Nf6 3.c4 e6 4.Nc3 Be7 5.Bf4 O-O 6.a3 b6 7.e3 Bb7 8.Rc1 a6 9.cxd5 exd5
10.Bd3 c5 11.h3 Re8 12.O-O c4 13.Bb1 b5 14.Ne5 Nbd7 15.Qf3 Nf8 16.g4 Bd6
17.Qg3 Bb8 18.f3 N6d7 19.Nxd7 Qxd7 20.Rcd1 a5 21.Bf5 Bxf4 22.Qxf4 Ne6 23.Bxe6 Rxe6
24.e4 b4 25.axb4 axb4 26.Nxd5 Bxd5 27.exd5 Qxd5 28.Rfe1 g5 29.Re5 Rxe5 30.Qxe5 Qxe5
31.dxe5 Kf8 32.Rc1 Rc8 33.Kf2 c3 34.bxc3 bxc3 35.Ke3 Ke7 36.f4 gxf4+ 37.Kxf4 Ke6
38.Ke4 c2 39.Kd4 h6 40.Ke4 Rc4+ 41.Kd3 Kd5 42.Kd2 Kd4 43.e6 fxe6 44.h4 Ke5
45.Re1+ Kf4 46.Kc1 Kxg4 47.Rxe6 h5 48.Rg6+ Kxh4 49.Rg2 Kh3 50.Rg1 h4  0-1

[Event "TCh-CAT Div Hon"]
[Site "Barcelona ESP"]
[Date "2011.03.05"]
[Round "6.2"]
[White "Gonzalez Garcia,J2"]
[Black "Granados Gomez,M"]
[Result "1-0"]
[WhiteElo "2503"]
[BlackElo "2387"]

1.d4 d5 2.c4 e6 3.Nf3 Nf6 4.Nc3 Be7 5.Bf4 O-O 6.e3 c5 7.dxc5 Bxc5 8.a3 Nc6
9.Qc2 dxc4 10.Bxc4 Bd7 11.O-O Nh5 12.Rad1 Nxf4 13.exf4 Be7 14.Rd2 Qc8 15.Rfd1 Rd8
16.Ng5 g6 17.Qe4 a6 18.Nxf7  1-0

[Event "TCh-AUT 2010-11"]
[Site "St Veit/Glan AUT"]
[Date "2011.03.05"]
[Round "10"]
[White "Farago,I"]
[Black "Prusikin,M"]
[Result "1/2-1/2"]
[WhiteElo "2421"]
[BlackElo "2527"]

1.d4 Nf6 2.c4 e6 3.Nf3 d5 4.Nc3 Be7 5.Bf4 O-O 6.e3 b6 7.cxd5 Nxd5 8.Nxd5 Qxd5
9.Bd3 Qa5+ 10.Nd2 Ba6 11.Bxa6 Nxa6 12.O-O c5 13.Qe2 Rac8 14.Nb3 Qa4 15.dxc5 Nxc5
16.Be5 Rfd8 17.Nxc5 Rxc5 18.Bc3 Rcd5 19.h3 h6 20.Rac1 Bc5 21.Qg4 Qxg4 22.hxg4 f6
23.Rfe1 Kf7 24.Kf1 e5 25.Ke2 Ke6 26.b4 Be7 27.e4 Rd3 28.Red1 Rxd1 29.Rxd1 Rc8
30.Kd3 Rd8+ 31.Ke2 Rc8 32.Kd3 Rd8+ 33.Ke2  1/2-1/2

[Event "TCh-CZE 2010-11"]
[Site "Czech Rep CZE"]
[Date "2011.03.06"]
[Round "9.8"]
[White "Roubalik,J"]
[Black "Cvek,R"]
[Result "0-1"]
[WhiteElo "2275"]
[BlackElo "2488"]

1.d4 Nf6 2.c4 e6 3.Nf3 d5 4.Nc3 Be7 5.Bf4 O-O 6.e3 Nbd7 7.Rc1 c5 8.dxc5 Nxc5
9.Be2 dxc4 10.Bxc4 a6 11.a3 b5 12.Be2 Bb7 13.b4 Qxd1+ 14.Nxd1 Bxf3 15.gxf3 Na4
16.Bd3 Rfc8 17.Rb1 Nd5 18.Be5 Ra7 19.Rg1 Bf6 20.Bxf6 Nxf6 21.Kd2 Rd7 22.Rb3 Rcd8
23.Kc2 g6 24.Re1 Nd5 25.Be4 Rc7+ 26.Kb1 Ndc3+ 27.Nxc3 Nxc3+ 28.Ka1 Nxe4 29.fxe4 Rc2
30.Rb2 Rc3 31.Kb1 Rxa3 32.Rc1 Kg7  0-1

[Event "TCh-AUT 2010-11"]
[Site "St Veit/Glan AUT"]
[Date "2011.03.06"]
[Round "11"]
[White "Ragger,M"]
[Black "Meier,Geo"]
[Result "1/2-1/2"]
[WhiteElo "2615"]
[BlackElo "2656"]

1.d4 Nf6 2.c4 e6 3.Nf3 d5 4.Nc3 Be7 5.Bf4 O-O 6.e3 Nbd7 7.a3 c5 8.cxd5 Nxd5
9.Nxd5 exd5 10.dxc5 Nxc5 11.Be5 Bf6 12.Be2 Bxe5 13.Nxe5 Be6 14.O-O Qf6 15.b4 Qxe5
16.bxc5 Rfc8 17.Qd4 Qxd4 18.exd4 b6 19.cxb6 axb6 20.Rfb1 Rc6 21.h3 Kf8 22.a4 Ke7
23.Bb5 Rc3 24.Be2 Rc6 25.Bb5 Rc3 26.Be2 Rc6  1/2-1/2

[Event "MP Reykjavik Open"]
[Site "Reykjavik ISL"]
[Date "2011.03.12"]
[Round "4.37"]
[White "Vovk,Ok"]
[Black "Ariel,D"]
[Result "1/2-1/2"]
[WhiteElo "2204"]
[BlackElo "2389"]

1.d4 d5 2.c4 e6 3.Nc3 Nf6 4.Nf3 Be7 5.Bf4 O-O 6.e3 dxc4 7.Bxc4 a6 8.a3 b5
9.Bd3 Bb7 10.h3 c5 11.dxc5 Bxc5 12.O-O b4 13.axb4 Bxb4 14.Rc1 Nbd7 15.Ne5 Bxc3
16.Nxd7 Qxd7 17.Rxc3 Rac8 18.Rxc8 Rxc8 19.Be2 Qe7 20.Qb3 Nd5 21.Bf3 Ba8 22.Bg3 Qb7
23.Qxb7 Bxb7 24.Ra1  1/2-1/2

[Event "Barcelo Lancashire Open"]
[Site "Blackpool ENG"]
[Date "2011.03.13"]
[Round "5"]
[White "Lalic,B"]
[Black "Haslinger,S"]
[Result "1-0"]
[WhiteElo "2474"]
[BlackElo "2552"]

1.c4 e6 2.Nc3 d5 3.d4 Be7 4.Nf3 Nf6 5.Bf4 O-O 6.e3 Nbd7 7.a3 c5 8.cxd5 Nxd5
9.Nxd5 exd5 10.dxc5 Nxc5 11.Be5 Bf6 12.Bxf6 Qxf6 13.Qd4 Qd6 14.Rd1 Rd8 15.Bc4 Bf5
16.O-O Be4 17.Ng5 Qe7 18.Nxe4 dxe4 19.Bd5 Re8 20.b4 Na4 21.f3 Nb6 22.Bxe4 Rac8
23.Rc1 Red8 24.Rxc8 Nxc8 25.Bd5 Nb6 26.e4 Nxd5 27.exd5 b6 28.Rd1 Rd6 29.Qe4 Qd7
30.h4 h5 31.Rd4 g6 32.Kf2 Qd8 33.Kg3 Rd7 34.Qe5 Rd6 35.f4 Qd7 36.Kh2 f6 37.Qe4 Kf7
38.f5 Qxf5 39.Qxf5 gxf5 40.Kg3 Rd8 41.Kf4 Rg8 42.Rd2 Ke7 43.d6+ Kd7 44.Kxf5 Rg4
45.Kxf6 Rxh4 46.Ke5 Rg4 47.Rf2 Rg7 48.b5 h4 49.a4 Rg5+ 50.Rf5 Rxg2 51.Rf7+ Kd8
52.Rxa7 h3 53.Rh7 h2 54.Kd5 Rc2 55.a5 bxa5 56.b6 a4 57.b7 Rb2 58.Rxh2 Rxb7
59.Kc6  1-0

[Event "49th TCh-DEN XtraCon 2010-11"]
[Site "Denmark DEN"]
[Date "2011.03.13"]
[Round "9.1"]
[White "Rasmussen,Kar"]
[Black "Greger,R"]
[Result "0-1"]
[WhiteElo "2451"]
[BlackElo "2389"]

1.Nf3 Nf6 2.c4 e6 3.Nc3 d5 4.d4 Be7 5.Bf4 O-O 6.e3 a6 7.cxd5 exd5 8.Bd3 Bg4
9.h3 Bh5 10.g4 Bg6 11.Bxg6 hxg6 12.Qb3 Nc6 13.O-O Na5 14.Qc2 Rc8 15.Rac1 Nc4
16.Ne5 c6 17.Nxc4 dxc4 18.Ne2 b5 19.e4 Nd7 20.Bg3 g5 21.Rcd1 Nb6 22.Qd2 Bf6
23.f4 gxf4 24.Bxf4 Re8 25.Ng3 Bh4 26.Nf5 Rxe4 27.Nd6 c3 28.bxc3 Nc4 29.Nxc4 bxc4
30.Qg2 Qd5 31.Be5 f6 32.Bg3 Bxg3 33.Qxg3 Rce8 34.Rde1 Re2 35.Rxe2 Rxe2 36.a4 Qe4
37.Qf3 Qd3 38.Rf2 Re3 39.Qxc6 Rg3+ 40.Kh2 Rxh3+ 41.Kg2 Qg3+ 42.Kf1 Qxg4 43.Qxc4+ Kh8
44.Ke1 Rh1+ 45.Kd2 Qd1+ 46.Ke3 Rh3+ 47.Ke4 Qh1+ 48.Kf5 Re3 49.Kg6 Qh7+ 50.Kf7 Qg8+
51.Kg6 Rg3+  0-1